000 00593nam a2200181Ia 4500
008 090123s9999 xx 000 0 und d
082 _b8616
100 _aइंगळे मधुकर
245 _aमंतरलेली चारुशीला
250 _a1
260 _bजगदिश्वर बुक डेपो
300 _a24
600 _aइंगळे मधुकर
630 _aमंतरलेली चारुशीला
700 _aइंगळे मधुकर
730 _aमंतरलेली चारुशीला
942 _cBOOK
999 _c46682
_d46682